Case news (Record no. 75865)
[ view plain ]
| 000 -LEADER | |
|---|---|
| fixed length control field | 01496cab a2200193 4500 |
| 001 - CONTROL NUMBER | |
| control field | L130886 |
| 008 - FIXED-LENGTH DATA ELEMENTS--GENERAL INFORMATION | |
| fixed length control field | 050912n2005 000 0 eng u |
| 035 ## - SYSTEM CONTROL NUMBER | |
| System control number | (Sirsi) u130886 |
| 041 0# - LANGUAGE CODE | |
| Language code of text/sound track or separate title | eng |
| 100 1# - MAIN ENTRY--PERSONAL NAME | |
| Personal name | Ross, Jonathan |
| 245 00 - TITLE STATEMENT | |
| Title | Case news |
| Remainder of title | Preferred Mortgages v Countrywide Surveyors |
| 260 ## - PUBLICATION, DISTRIBUTION, ETC. | |
| Date of publication, distribution, etc. | 2005 |
| 490 #0 - SERIES STATEMENT | |
| Series statement | Property Week |
| Volume/sequential designation | 70(35) 2 September 2005, 70(1) |
| 520 ## - SUMMARY, ETC. | |
| Summary, etc. | Discusses the case "Preferred Mortgages v Countrywide Surveyors" (L130660) where Preferred Mortgages (P) claimed that Countrywide Surveyors had been negligent in its valuation of a property on the grounds that a retrospective valuation carried out P's own valuer had produced a significantly lower value. C's surveyor had valued the property at £65 000 but the sale never took place and P found itself a victim of a mortgage fraud. The property was worth only £35 000 having no electricity, water or foul drainage and P had to spend £26 000 before selling the property for £60 000. P claimed that C was liable for the losses caused by its valuation. However it was decided that the valuer had acted properly even though the value was outside the 10% allowed to valuers and that P had committed contributory negligence in lending 85% of the valuation figure. |
| 590 ## - LOCAL NOTE (RLIN) | |
| Local note | IKA130905 |
| 650 24 - SUBJECT ADDED ENTRY--TOPICAL TERM | |
| Topical term or geographic name entry element | PREFERRED MORTGAGES LTD V COUNTRYWIDE SURVEYORS LTD |
| 690 ## - LOCAL SUBJECT ADDED ENTRY--TOPICAL TERM (OCLC, RLIN) | |
| Topical term or geographic name as entry element | PROPERTY-RESIDENTIAL PROPERTY-RESIDENTIAL PROPERTY FINANCE AND INVESTMENT-MORTGAGING RESIDENTIAL PROPERTY-MORTGAGE VALUATION |
| 942 ## - ADDED ENTRY ELEMENTS (KOHA) | |
| Suppress in OPAC | 0 |
| Withdrawn status | Lost status | Source of classification or shelving scheme | Damaged status | Not for loan | Home library | Current library | Shelving location | Date acquired | Total Checkouts | Full call number | Barcode | Date last seen | Copy number | Price effective from | Koha item type |
|---|---|---|---|---|---|---|---|---|---|---|---|---|---|---|---|
| Dewey Decimal Classification | London | London | Journal article | 12/09/2005 | L130886 | 130886-1001 | 06/08/2019 | 1 | 06/08/2019 | Journal article |